00968nam a2200265Ia 4500003000400000005001700004008004100021020001800062040001800080041000800098082001800106100003200124245008300156250001200239260006600251300002700317650002400344650003700368650005900405650003500464650003100499942002500530999001900555952012800574OSt20241016101704.0210716s2008 xx 000 0 und d a9780070667655 cAIMIT LIBRARY aeng a005.73 bMUKS aMukherjee, Sudipta.9182466 aData structures using c:b1000 problems and solutions /cBy Sudipta Mukherjee. a1st ed. aNew Delhi :bTata McGraw Hill Publishing Company Ltd ,c2008. axx,550 p.;bPBc25 cm. aLinked list9182467 aStrings database to dnai9182468 aRecursion time and againi explorer to genetics9182469 aWaiting or privileged 9182470 aMathematics to win9182471 2ddccBKk005.73 MUKS c189001d189001 001040708MCAaAIMITbAIMITeAthulya Booksg275.00l0o005.73 MUKSpMCA08509r2026-05-23 00:00:00v214.50w2021-07-16yBK